<?xml version="1.0" encoding="UTF-8"?>
<marc:record xmlns:marc="http://www.loc.gov/MARC21/slim">
   <marc:leader>00000nam a2200000 a 4500</marc:leader>
   <marc:datafield ind1="0" ind2="0" tag="245">
      <marc:subfield code="a">Rätselspaß mit Puuh</marc:subfield>
   </marc:datafield>
   <marc:datafield ind1=" " ind2="1" tag="264">
      <marc:subfield code="a">München</marc:subfield>
      <marc:subfield code="b">Walt Disney Studios</marc:subfield>
      <marc:subfield code="c">2009</marc:subfield>
   </marc:datafield>
   <marc:datafield ind1="1" ind2=" " tag="490">
      <marc:subfield code="a">Meine Freunde Tigger und Puuh</marc:subfield>
      <marc:subfield code="v">6</marc:subfield>
   </marc:datafield>
   <marc:datafield ind1="1" ind2=" " tag="520">
      <marc:subfield code="a">Einmal mehr herrscht Aufregung im Hundertmorgenwald: Als er sich selbst mit seinem Porträt vergleicht, muss Tigger feststellen, dass ihm ein Streifen seinen Schwanzes abhanden gekommen ist. Sofort ruft er die anderen Superschnüffler zur Hilfe. Und auch Darby benötigt die Hilfe ihrer Freunde, denn sie glaubt, Christopher Robin in einen Frosch verwandelt zu haben. Ferkel hingegen versperrt ein Felsen den Zugang zu seiner Wohnung.</marc:subfield>
   </marc:datafield>
   <marc:datafield ind1=" " ind2=" " tag="020">
      <marc:subfield code="a">8717418223656</marc:subfield>
      <marc:subfield code="9">8717418223656</marc:subfield>
   </marc:datafield>
   <marc:datafield ind1="0" ind2=" " tag="490">
      <marc:subfield code="v">0</marc:subfield>
   </marc:datafield>
   <marc:datafield ind1=" " ind2=" " tag="300">
      <marc:subfield code="a">69 Min.</marc:subfield>
   </marc:datafield>
</marc:record>
